000 01168nam a2200361 i 4500
001 32322
003 KOSZ 005
005 20220916093332.0
008 980702s1996 pl a f f |000 0 pol
015 _aPB 1996/17371
020 _a8387038067
040 _aWA N
_cWA N
_dKOSZ 005/HR
046 _k1996
080 _a657.47
080 _a(07)
100 1 _aNowak, Edward
_d(1951- )
_eAutor
245 1 0 _aRachunek kosztów /
_cEdward Nowak.
260 _aWrocław :
_b"Ekspert",
_c1996.
300 _a156, [3] s. :
_b2 wykr. ;
_c24 cm.
336 _2rdacontent
_aTekst
_btxt
337 _2rdamedia
_aBez urządzenia pośredniczącego
_bn
338 _2rdacarrier
_aWolumin
_bnc
380 _aKsiążki
388 _a1901-2000
388 _a1989-2000
504 _aBibliogr. s. [157].
650 4 _aRachunek kosztów
655 4 _aPodręcznik
658 _aGospodarka, ekonomia, finanse
710 2 _a Ekspert Wydawnictwo i Doradztwo z Zakresu Rachunkowości i Finansów, Marian Pałka
_4pbl.
856 _uhttp://koha.tu.koszalin.pl/cgi-bin/koha/opac-detail.pl?biblionumber=32322
_yKatalog online BPK
942 _2UKD
_cKS
999 _c32322
_d32322